000 00791nam a2200217 a 4500
001 000012463
005 20250502073819.0
008 091113s1994 dr a 001 j spa d
040 _aDO-SdBNP
_bspa
_cBNPHU
082 _aRD863.44
_bL453q
100 1 _aLebrón Saviñón, Carlos
_924855
245 1 0 _a¡Qué importa... soy feliz! /
_cCarlos Lebrón Saviñón; prólogo Ylonka Nacidit-Perdomo.
260 _aSanto Domingo :
_bONAP,
_c1994.
300 _a93 p. ;
_c21 cm.
500 _aIncluye datos biográficos del autor en la contracubierta
650 4 _aCuento dominicano
_926903
650 0 _aLiteratura dominicana.
_967
700 1 _aNacidit-Perdomo, Ylonka
_epról.
_923142
710 1 _aRepública Dominicana.
_bOficina Nacional de Administración y Personal
_926398
049 _aBNPD
999 _c12120
_d12120